000 01214nabaa22002297a 4500
999 _c6190
_d6190
003 OSt
005 20260125012520.0
008 190701b xxu||||| |||| 00| 0 spa d
040 _cPJ
100 _96928
_aGusman, Alfredo Silverio
245 1 3 _aLa reciente reglamentación de la ley 19.549 por el decreto 695/24 :
_bprecariedad de los derechos obtenidos a partir del silencio positivo /
_cAlfredo Silverio Gusman.
300 _ap. 35-40
500 _aCita: TR LALEY AR/DOC/2156/2024
505 _aSumario: I. Introducción: autorizaciones administrativas y silencio positivo.— II. El reciente decreto reglamentario 695 del 2 de agosto de 2024.— III. Silencio positivo, estabilidad del "acto administrativo" y potestad revocatoria de la Administración.— IV. Conclusión.
505 _t¿Te interesa el texto completo? Comunicate al correo: koha@justierradelfuego.gov.ar
650 0 _9211
_aDERECHO ADMINISTRATIVO
650 0 _91135
_aPROCEDIMIENTO ADMINISTRATIVO
650 0 _aREFORMA DEL ESTADO
_93177
650 0 _aREFORMA DEL ESTADO
_93177
773 0 _02842
_93251
_dBuenos Aires : AbeledoPerrot, 2012-
_oDA121
_tDerecho administrativo. Nº 155 septiembre/octubre 2024
_z18510590
942 _2udc
_cANA